Temel Yasa Anayasa / (Record no. 13210)

MARC details
000 -BAŞLIK
Sabit Uzunlukta Kontrol Alanı 00572nam a22002057a 4500
999 ## - SİSTEM KONTROL NUMARALARI (KOHA)
Koha Biblionumber 13210
Koha Biblioitemnumber 13210
003 - KONTROL NUMARASI IDENTIFIER
Denetim Alanı MIRAKIL
005 - SON İŞLEM TARİHİ VE ZAMANI
Denetim Alanı 20190506103052.0
008 - SABİT-BOY VERİ ELEMANLARI - GENEL BİLGİLER
Sabit Uzunlukta Kontrol Alanı 190506b tu ||||| |||| 00| 0 tur d
020 ## - ULUSLARARASI STANDART KİTAP NUMARASI
Uluslararası Standart Kitap Numarası 9786050504170
040 ## - KATALOGLAMA KAYNAK
Orijinal Kataloglama Ajansı TR-AnCHP
Metne Dönüştürmek Ajansı TR-AnCHP
041 ## - DİL KODU
Metin / Ses Parça Veya Ayrı Başlığın Dil Kodu tur
082 ## - DEWEY ONLU SINIFLANDIRMA NUMARASI
Sınıflandırma Numarası 342.02
Ürün Numarası T96t 2019
100 1# - ANA GİRİŞ - KİŞİSEL İSİM
Kişisel Ad Türk, Hikmet Sami
Bir Adıyla İlişkilendirilen Tarihler 1935-
245 10 - BAŞLIK TABLOSU
Başlık Temel Yasa Anayasa /
Sorumluluk Tablosu, Vb Hikmet Sami Türk.
260 ## - YAYIN, DAĞITIM, VB
Yayın, Dağıtım, Vb Yeri Ankara :
Yayıncı, Dağıtıcı, Vs Adı Yetkin yayınları ,
Yayın, Dağıtım, Vb Tarihi 2019.
300 ## - FİZİKSEL TANIM
Kapsam 796 s.:
Boyutlar 24 sm.
504 ## - KAYNAKÇA VB NOT
Kaynakça Vb Notu Bibliyografik bilgi içerir.
650 #0 - KONU KATMA GİRİŞ - TOPİKAL DÖNEM
9 (RLIN) 5694
Topikal Süreli Veya Coğrafi Ad Giriş Elemanı Anayasa
Genel Alt Bölümü Türkiye
942 ## - EKLENDİ GİRİŞ ELEMANLARI (KOHA)
Sınıflandırma Veya Raf Düzeni Kaynak Dewey Decimal Classification
Koha Öğesi Türü Books
Holdings
Kalıcı Konum Mevcut Konum Edinme Tarihi Toplam Check-Out'Lar Tam Çağrı Numarası Barkod Tarih Son Görülme İtibaren Geçerli Fiyatlar Koha Öğesi Türü
CHP Kütüphanesi CHP Kütüphanesi 05/06/2019   342.02 T96t 2019 005298 05/06/2019 05/06/2019 Books